000
00344nam a2200157Ia 4500
008
200305s9999 xx 000 0 und d
020
_a
978-81-265-5677-9
082
_a
530
082
_b
KRM
100
_a
KRANE KENNETH S.
245
_a
MODERN PHYSICS
260
_a
NEW DELHI
_b
WILEY
300
_a
542
650
_a
PHYSICS
999
_c
39555
_d
39555
041
_a
eng